International manual for the sampling of soft cohesive soils

Bibliographic Details
Corporate Author: International Society for Soil Mechanics and Foundation Engineering. The Sub-Committee on Soil Sampling
Format: Book
Published: Tokyo Tokai University Press 1981
Subjects:

MARC

LEADER 00000cam a2200000 7i4500
001 0000000227
008 021118n
090 0 0 |a TA710.5  |b .I5 
110 0 |a International Society for Soil Mechanics and Foundation Engineering.  |b The Sub-Committee on Soil Sampling 
245 0 0 |a International manual for the sampling of soft cohesive soils 
260 2 |a Tokyo   |b Tokai University Press  |c 1981 
300 |a 129 p. ;  |c 22 cm. 
650 0 |a Soils  |x Sampling  |v Handbooks, manuals, etc. 
999 |a 1000035481  |b Book  |c OPEN SHELF (30 DAYS)  |e Gong Badak Campus